[Event "Quicker Game"]
[Site "http://www.queenalice.com/game.php?id=12957"]
[Date "2005.5.13"]
[Round "-"]
[White "Reyth"]
[Black "moepp"]
[Result "0-1"]
[WhiteElo "1158"]
[BlackElo "1474"]

1. e3 e5 2. d3 d5 3. Nd2 Bc5 4. a3 a5 5. b3 Nc6 6. Bb2 Nf6 7. g3 O-O 8. Bg2 Re8
9. Ne2 d4 10. e4 b6 11. O-O Ba6 12. f4 Ng4 13. Rf3 Ne3 14. Qc1 b5 15. fxe5 Nxe5
16. Rf4 Bb7 17. Nf1 Nxg2 18. Kxg2 Qd7 19. Rf5 Qxf5 0-1

[Event "Quicker Game"]
[Site "http://www.queenalice.com/game.php?id=12992"]
[Date "2005.5.14"]
[Round "-"]
[White "Reyth"]
[Black "tpstar"]
[Result "0-1"]
[WhiteElo "1067"]
[BlackElo "1612"]

1. e3 d5 2. Ne2 e5 3. d3 f5 4. Nd2 Nf6 5. g3 Bd6 6. Bg2 c6 7. b3 O-O 8. Bb2 Be6
9. h3 Nbd7 10. O-O Rc8 11. Nf3 Qc7 12. Ng5 Rfe8 13. Nxe6 Rxe6 14. d4 e4 15. Rc1
Nf8 16. c4 Qf7 17. cxd5 Nxd5 18. Nc3 Nb4 19. d5 cxd5 20. Nxd5 Rxc1 21. Bxc1 Nd3
22. Nc3 Qg6 23. Nd5 Nd7 24. Qc2 Re8 25. Qc4 Qe6 26. Rd1 N7e5 27. Qb5 Rc8 28. Nf4
Nxf4 29. gxf4 Nd3 30. Bd2 Rc7 31. Bf1 a6 32. Qb6 Qg6+ 33. Bg2 Rc2 34. Qxb7 Nb2
35. Qa8+ Kf7 0-1

[Event "Quicker Game"]
[Site "http://www.queenalice.com/game.php?id=13006"]
[Date "2005.5.14"]
[Round "-"]
[White "Reyth"]
[Black "flare"]
[Result "0-1"]
[WhiteElo "1041"]
[BlackElo "1809"]

1. e3 Nf6 2. g3 Nc6 3. Bg2 e5 4. d3 d5 5. Ne2 Bg4 6. Nd2 Bb4 7. a3 Ba5 8. b4 Bb6
9. h3 Bh5 10. g4 Bg6 11. Bb2 d4 12. e4 O-O 13. O-O h5 14. f3 Qd7 15. Ng3 a5 16.
b5 Ne7 17. a4 c6 18. Nc4 Bc5 19. Nxe5 Qc7 20. Nxg6 Nxg6 21. Nf5 Qe5 22. Qd2 Nf4
23. Qf2 g6 24. Nxd4 Rad8 25. bxc6 bxc6 0-1

[Event "Quicker Game"]
[Site "http://www.queenalice.com/game.php?id=13009"]
[Date "2005.5.14"]
[Round "-"]
[White "Reyth"]
[Black "Bert007"]
[Result "0-1"]
[WhiteElo "1030"]
[BlackElo "1205"]

1. e3 c6 2. g3 b6 3. Bg2 Bb7 4. Ne2 Nf6 5. d3 Na6 6. Nd2 Rb8 7. b3 c5 8. Bxb7
Rxb7 9. Bb2 Qa8 10. O-O Rc7 11. Nf4 g5 12. Ng2 d5 13. Qe2 Qc8 0-1

[Event "Quicker Game"]
[Site "http://www.queenalice.com/game.php?id=13010"]
[Date "2005.5.14"]
[Round "-"]
[White "Reyth"]
[Black "appalachia"]
[Result "1-0"]
[WhiteElo "1100"]
[BlackElo "1132"]

1. e3 d5 2. Ne2 Bg4 3. h3 Bxe2 4. Qxe2 e5 5. d3 Nf6 6. g3 e4 7. d4 Nc6 8. Bg2
Bd6 9. Nd2 O-O 10. b3 a6 11. Bb2 b5 12. a3 b4 13. a4 a5 14. O-O Qd7 15. Rac1 Qf5
16. Qb5 Qd7 17. c4 Ne7 18. Qxd7 Nxd7 19. c5 Bxc5 20. dxc5 Nxc5 21. Rxc5 c6 22.
Be5 Rfe8 23. Bc7 f5 24. Bxa5 Rf8 25. Bxb4 Rfb8 26. Ra5 g5 27. Rxa8 Rxa8 28. Bxe7
Ra5 29. Bxg5 Rc5 30. b4 Rc4 31. Nxc4 dxc4 32. a5 c3 33. a6 1-0

[Event "Quicker Game"]
[Site "http://www.queenalice.com/game.php?id=13011"]
[Date "2005.5.14"]
[Round "-"]
[White "Reyth"]
[Black "Morbid"]
[Result "0-1"]
[WhiteElo "1106"]
[BlackElo "1113"]

1. e3 e5 2. d3 Nf6 3. g3 c6 4. Bg2 Qa5+ 5. Nd2 Bc5 6. h3 g5 7. Ne2 d5 8. a3 d4
9. e4 b5 10. b3 b4 11. a4 Bd6 12. Nc4 Qc5 13. Bb2 Bf8 14. O-O Qe7 15. Qd2 c5 16.
Qxg5 h6 17. Qd2 a5 18. Nb6 Bb7 19. Nxa8 Bxa8 20. f4 Nfd7 21. fxe5 Nxe5 22. Qf4
h5 23. Rf2 Bh6 24. Qf5 f6 25. Nf4 Qg7 0-1

[Event "Quicker Game"]
[Site "http://www.queenalice.com/game.php?id=13029"]
[Date "2005.5.14"]
[Round "-"]
[White "Reyth"]
[Black "Boeing"]
[Result "0-1"]
[WhiteElo "1067"]
[BlackElo "1588"]

1. e3 e5 2. d3 c5 3. Nd2 Nc6 4. g3 h5 5. h3 b5 6. Bg2 Bb7 7. Ne2 Qe7 8. a3 O-O-O
9. b3 d5 10. Bb2 d4 11. e4 a5 12. O-O b4 13. a4 g6 14. Nc4 Kc7 15. f4 h4 16. g4
f6 17. fxe5 Nxe5 18. Nxa5 Kb6 19. Nxb7 Kxb7 0-1

[Event "AUTO-OPEN-84"]
[Site "http://www.queenalice.com/game.php?id=13130"]
[Date "2005.5.15"]
[Round "1"]
[White "waltc"]
[Black "Reyth"]
[Result "1-0"]
[WhiteElo "1992"]
[BlackElo "1041"]

1. e4 d6 2. d4 e6 3. Nf3 Nd7 4. Bd3 a6 5. O-O g6 6. Nc3 Bg7 7. Be3 Ne7 8. Qd2 h6
9. Ne1 b6 10. f4 Bb7 11. f5 g5 12. Qf2 e5 13. Rd1 O-O 14. Ne2 Nc6 15. c3 Qe7 16.
Ng3 1-0

[Event "AUTO-OPEN-84"]
[Site "http://www.queenalice.com/game.php?id=13131"]
[Date "2005.5.15"]
[Round "1"]
[White "Reyth"]
[Black "waltc"]
[Result "0-1"]
[WhiteElo "1041"]
[BlackElo "1990"]

1. e3 e5 2. d3 d5 3. Nd2 Nf6 4. a3 Bd6 5. g3 O-O 6. Bg2 c6 7. Ne2 Be6 8. b3 Qd7
9. h3 Na6 10. Bb2 Nc7 11. g4 Nfe8 12. O-O f5 13. f3 Qe7 14. b4 a5 15. c3 Qg5 16.
f4 exf4 17. Nxf4 fxg4 0-1